00300nam a22000977a 4500082002100000245007700021260004100098300001700139563001500156650003100171 a344.0095491bPLC aPakistan Labour Cases 2023 / cEdited by Muhammad Wahaj Azhar and et all aLahore :bPakistan Law House,c2023. a3 v.c24 cm. aHardcover. aLaw, Pakistan Labour Cases